MARC

LEADER 00000nam0a2200000 4500
001 276229
005 20231101234911.0
020 |a RU  |b 85-99994 
035 |a (RuTPU)RU\TPU\book\299487 
090 |a 276229 
100 |a 20141120d1985 k y0rusy5003 ca 
101 0 |a rus 
102 |a RU 
105 |a a z 001zy 
200 1 |a Вопросы разработки угольных пластов Подмосковного бассейна  |e сборник научных трудов  |f Академия наук СССР (АН СССР), Институт горного дела им. А. А. Скочинского (ИГД) ; Подмосковный научно-исследовательский и проекно-конструкторский угольный институт (ПНИУИ) ; под ред. В. С. Момчилова 
210 |a Тула  |c Изд-во ИГД  |d 1985 
215 |a 111 с.  |c ил. 
320 |a Библиография в конце статей 
606 1 |a Полезные ископаемые  |x Системы разработки  |2 stltpush  |3 (RuTPU)RU\TPU\subj\50118  |9 68865 
610 1 |a угольные месторождения 
610 1 |a крепи 
610 1 |a выемочные машины 
610 1 |a очистные комбайны 
610 1 |a шахты 
610 1 |a подземное осушение 
610 1 |a расчет 
610 1 |a техническое обслуживание 
610 1 |a ремонт 
675 |a 622.27  |v 3 
702 1 |a Момчилов  |b В. С.  |g Владимир Святославович  |4 340 
712 0 2 |a Академия наук СССР (АН СССР)  |b Институт горного дела им. А. А. Скочинского (ИГД)  |c (Люберцы)  |2 stltpush  |3 (RuTPU)RU\TPU\col\11351 
712 0 2 |a Подмосковный научно-исследовательский и проекно-конструкторский угольный институт (ПНИУИ)  |c (Новомосковск, Тульская область)  |c (1937-2009)  |2 stltpush  |3 (RuTPU)RU\TPU\col\20472 
801 0 |a RU  |b RuMRKP  |c 19950704  |g psbo 
801 1 |a RU  |b 63413507  |c 20141120 
801 2 |a RU  |b 63413507  |c 20170131  |g RCR 
942 |c BK